La Casa infantil universitaria: la demanda, el derecho y la respuesta /

Salvato in:
Dettagli Bibliografici
Autore principale: Zamora C., Mayela
Natura: testo
Soggetti:
Tags: Aggiungi Tag
Nessun Tag, puoi essere il primo ad aggiungerne!!

MARC

LEADER 00000 a a2200000 04500
001 8734
003
040
100 |a Zamora C., Mayela  
245 |a La Casa infantil universitaria:   |b la demanda, el derecho y la respuesta /  |c Mayela Zamora C. 
650 |a PSICOANALISIS  
773 |g número 11; páginas 167-186  
999 |c 23726  |d 23726